[Event "POL-ch U15 Qual"]
[Site "Jastrzebia Gora"]
[Date "2021.11.17"]
[Round "4"]
[White "Halhoul, Adam"]
[Black "Dembicki, Karol"]
[Result "0-1"]
[WhiteElo "1777"]
[BlackElo "1380"]
[PlyCount "70"]
[EventDate "2021.11.15"]
[EventType "swiss"]
[EventRounds "9"]
[EventCountry "POL"]
[SourceTitle "EXT 2023"]
[Source "ChessBase"]
[SourceDate "2022.10.05"]
[SourceVersion "1"]
[SourceVersionDate "2022.10.05"]
[SourceQuality "1"]

1. d4 d5 2. c4 e6 3. Nc3 Nf6 4. cxd5 exd5 5. Bg5 c6 6. e3 Nbd7 7. Bd3 Be7 8. Nf3 0-0 9. 0-0 Re8 10. Qc2 Nf8 11. h3 Ne4 12. Bxe7 Qxe7 13. Bxe4 dxe4 14. Ne5 Qh4 15. Qxe4 Qxe4 16. Nxe4 f6 17. Nd6 Re6 18. Nec4 b5 19. d5 cxd5 20. Nxb5 dxc4 21. Nc7 Rb8 22. Nxe6 Bxe6 23. b3 c3 24. Rac1 Rc8 25. f3 Nd7 26. Rfd1 Ne5 27. f4 Ng6 28. g4 f5 29. g5 Ne7 30. Kf2 Bd5 31. Rd4 c2 32. Ke2 Be4 33. Kd2 Nd5 34. h4 Nc3 35. Ra1 Nxa2 0-1